000 00326nam a2200133Ia 4500
008 191206s9999 xx 000 0 und d
020 _a9781846683237 (hbk.)
090 _aCB311.H37
245 0 _aancient guide to modern life
260 _aProfile
260 _cc2010
300 _a275 p. ; 23 cm.
999 _c15459
_d15459